01450nam a2200349 a 4500001001100000003000800011006001900019007001500038008004100053010001700094020004000111020003500151040002100186035002000207050002400227082001600251100001900267245010800286260006600394300002400460490005100484504006800535533015200603650003500755650005800790650002600848655002900874710001700903830004000920856012500960999001501085ebr5004962CaPaEBRm u cr cn|||||||||010306s2001 ne a sb 001 0 eng  z 2001025605 z1588110338 (U.S. : Hb : alk. paper) z9027251061 (Eur. : alk. paper) aCaPaEBRcCaPaEBR a(OCoLC)7076900514aP302.7b.M85 2001eb04a401/.412211 aMushin, Ilana.10aEvidentiality and epistemological stanceh[electronic resource] :bnarrative retelling /cIlana Mushin. aAmsterdam ;aPhiladelphia :bJohn Benjamins Pub. Co.,cc2001. axiv, 240 p. :bill.1 aPragmatics & beyond,x0922-842X ;vnew ser. 87 aIncludes bibliographical references (p. [203]-212) and indexes. aElectronic reproduction.bPalo Alto, Calif. :cebrary,d2013.nAvailable via World Wide Web.nAccess may be limited to ebrary affiliated libraries. 0aDiscourse analysis, Narrative. 0aGrammar, Comparative and generalxIndirect discourse. 0aKnowledge, Theory of. 7aElectronic books.2local2 aebrary, Inc. 0aPragmatics & beyond ;vnew ser. 87.40uhttp://site.ebrary.com/lib/rucke/Doc?id=5004962zAn electronic book accessible through the World Wide Web; click to view c1461d1461